| 000 | 00742nam a2200229Ia 4500 | ||
|---|---|---|---|
| 003 | OSt | ||
| 005 | 20220928111803.0 | ||
| 006 | a|||||r|||| 00| 0 | ||
| 007 | ta | ||
| 008 | 220927b |||||||| |||| 00| 0 eng d | ||
| 024 | _a92965 | ||
| 037 | _cTextual | ||
| 040 |
_aSDCL _cSDCL _beng |
||
| 041 |
_2eng _aeng |
||
| 082 | _aX9(J38).2'N66t, K7 | ||
| 100 |
_aIndia Food Agriculture Community Development & Cooperation _9425061 |
||
| 245 | 0 | _aFoodgrains policy committee | |
| 260 |
_aNew Delhi _bIndia Food Agriculture Community Development & Cooperation _c1967 |
||
| 300 |
_aii,103p _ccm. |
||
| 942 |
_hX9(J38).2'N66t, K7 _cTEXL _2CC |
||
| 999 |
_c742057 _d742057 |
||